Every Premier League goalscorer for Reading - Statistics

General Stats
  • This quiz has been taken 4 times
  • The average score is 12 of 29
Answer Stats
Answer % Correct
Dave Kitson
100%
Kevin Doyle
100%
Nicky Shorey
100%
Steve Sidwell
100%
Adam Le Fondre
75%
James Harper
75%
Leroy Lita
75%
Shane Long
75%
Brynjar Gunnarsson
50%
Ibrahima Sonko
50%
Ívar Ingimarsson
50%
Jem Karacan
50%
Jimmy Kébé
50%
Noel Hunt
50%
Stephen Hunt
50%
André Bikey
25%
Hal Robson-Kanu
25%
John Oster
25%
Kaspars Gorkšs
25%
Mikele Leigertwood
25%
Sean Morrison
25%
Adrian Mariappa
0%
Danny Guthrie
0%
Garath McCleary
0%
Hi-kyeon Seol
0%
Kalifa Cissé
0%
Marek Matějovský
0%
Pavel Pogrevbnyak
0%
Ulises de la Cruz
0%
No matching quizzes found
Score Distribution
Percent of People with Each Score
Percentile by Number Answered
Your Score History
You have not taken this quiz